| 000 | 00753nam a2200265Ia 4500 | ||
|---|---|---|---|
| 003 | OSt | ||
| 005 | 20221007100740.0 | ||
| 006 | a|||||r|||| 00| 0 | ||
| 007 | ta | ||
| 008 | 221006b |||||||| |||| 00| 0 eng d | ||
| 024 | _a5,055 | ||
| 037 | _cTextual | ||
| 040 |
_aLCO _cLCO _beng |
||
| 041 |
_2eng _aeng |
||
| 082 | _aX8(A):979CqN47, L0 | ||
| 100 |
_aJain Sudhir Kumar _9522302 |
||
| 245 | 0 | _aIndustrial Disputes Act, 1957 | |
| 250 | _a2nd | ||
| 260 |
_aDelhi _bCentral Law Publishers India _c1970 |
||
| 300 | _a355 | ||
| 500 | _aRules Framed Thereunder by Centre and States Both | ||
| 650 |
_aINDUSTRIAL DISPUTES _9425134 |
||
| 942 |
_hX8(A):979CqN47, L0 _cTEXL |
||
| 999 |
_c1174618 _d1174618 |
||